| 000 | 00347nam a2200145Ia 4500 | ||
|---|---|---|---|
| 008 | 150201s2004 xx 000 0 und d | ||
| 082 |
_a617.52 _bO2004S |
||
| 100 | _aSRINVASAN,B. | ||
| 245 | _aORAL & MAXILLOFACIAL SURGERY | ||
| 250 | _a2ND | ||
| 260 |
_bELSEVIER _aDELHI _c2004 |
||
| 300 | _a1-536 | ||
| 650 | _aORAL SURGERY | ||
| 942 |
_2ddc _cBK _02 |
||
| 999 |
_c2886 _d2886 |
||